EA Sports FC 24 Icons und Heroes - Statistiken

Allgemein
  • Dieses Quiz wurde 1.017 mal gespielt
  • Das Durchschnittsergebnis liegt bei 72 aus 166
Antwortstatistiken
Note Spieler Land % Korrekt
89 Ghana Ligue 1 Abedi Pelé Ghana
98%
95 Brazil Pelé Brésil
98%
94 France Zinédine Zidane Frankreich
96%
94 Brazil Ronaldo Brésil
95%
93 Brazil Ronaldinho Brésil
88%
92 Russia Lev Yashin Russie
86%
92 Hungary Ferenc Puskás Hongrie
83%
92 Italy Paolo Maldini Italie
79%
93 Netherlands Johan Cruyff Pays-Bas
78%
93 United States Mia Hamm États-Unis
74%
92 Germany Gerd Müller Allemagne
73%
90 Brazil Roberto Carlos Brésil
72%
90 Netherlands Ruud Gullit Pays-Bas
72%
89 Germany Philipp Lahm Allemagne
70%
90 Germany Lothar Matthäus Allemagne
68%
89 Ivory Coast Didier Drogba Elfenbeinküste
64%
90 Northern Ireland George Best Irlande du Nord
64%
91 Portugal Eusébio Portugal
63%
88 Germany Bastian Schweinsteiger Allemagne
62%
91 France Theirry Henry Frankreich
62%
89 Denmark Peter Schmeichel Danemark
61%
89 Cameroon Samuel Eto’o Cameroun
61%
92 Germany Birgit Prinz Allemagne
60%
91Brazil Carlos Alberto Brésil
60%
90 Spain Xavi Espagne
60%
92 Brazil Garrincha Brésil
59%
88 Denmark Michael Laudrup Danemark
59%
88 Czech Republic Pavel Nedvěd République Tchèque
59%
91 Brazil Cafu Brésil
58%
90 Brazil Rivaldo Brésil
58%
91 Netherlands Marco van Basten Pays-Bas
57%
88 Germany Miroslav Klose Allemagne
57%
86 Ireland Premier League Robbie Keane Irlande
57%
86 Ireland Roy Keane Irlande
57%
89 Bulgaria Hristo Stoichkov Bulgarie
56%
89 Portugal Luís Figo Portugal
56%
90 Spain Iker Casillas Espagne
55%
88 Ukraine Andriy Shevchenko Ukraine
54%
89 Spain Carles Puyol Espagne
54%
88 Romania Gheorghe Hagi Roumanie
54%
88 Nigeria Premier League Jay-Jay Okocha Nigeria
54%
88 Czech Republic Petr Čech République Tchèque
54%
86 Mexico Luis Hernández Mexique
53%
86 Ghana Michael Essien Ghana
53%
87 Spain Fernando Torres Espagne
52%
86 Sweden Henrik Larsson Suède
52%
89 Brazil Kaká Brésil
52%
89 Scotland Kenny Dalglish Écosse
52%
87 Serbia Nemanja Vidić Serbie
51%
87 Wales Ian Rush Pays de Galles
50%
87 Germany Michael Ballack Allemagne
50%
89 Germany Bundesliga Rudi Völler Allemagne
50%
90 Italy Andrea Pirlo Italie
49%
91 Japan Homare Sawa Japon
49%
92 England Bobby Charlton Angleterre
48%
87 Croatia Davor Šuker Croatie
48%
88 Netherlands Edwin van der Sar Pays-Bas
48%
89 Mexico Hugo Sánchez Mexique
48%
89 Germany Bundesliga Jürgen Kohler Allemagne
48%
89 Argentina Javier Zanetti Argentine
47%
89 Italy Fabio Cannavaro Italie
46%
87 England Frank Lampard Angleterre
46%
88 Finland Eredivisie Jari Litmanen Finlande
46%
88 Argentina Juan Román Riquelme Argentine
46%
89 France Ligue 1 David Ginola Frankreich
45%
88 Spain Fernando Hierro Espagne
45%
91Italy Franco Baresi Italie
45%
88 England Rio Ferdinand Angleterre
45%
91 Brazil Zico Brésil
45%
87 Japan Serie A Hidetoshi Nakata Japon
44%
89 Brazil Serie A Lúcio Brésil
44%
89 Brazil Sócrates Brésil
44%
88 England Steven Gerrard Angleterre
44%
88 England Wayne Rooney Angleterre
44%
86 Argentina Juan Sebastián Verón Argentine
43%
89 Italy Alessandro Nesta Italie
42%
89 Spain LaLiga Fernando Morientes Espagne
42%
88 Netherlands Ronald Koeman Pays-Bas
42%
90 Italy Alessandro Del Piero Italie
41%
90 England Bobby Moore Angleterre
41%
88 England David Beckham Angleterre
41%
91 Italy Roberto Baggio Italie
41%
87 Spain Xabi Alonso Espagne
41%
86 England Ashley Cole Angleterre
40%
87 England Premier League Joe Cole Angleterre
40%
88 Germany Bundesliga Mario Gómez Allemagne
40%
87 Ivory Coast Premier League Yaya Touré Elfenbeinküste
40%
88 Uruguay LaLiga Diego Forlán Uruguay
39%
88 France Franck Ribéry Frankreich
39%
86 Argentina Hernán Crespo Argentine
39%
85 Germany Bundesliga Lars Ricken Allemagne
39%
88 England Michael Owen Angleterre
39%
87 Portugal Serie A Rui Costa Portugal
39%
85 Saudi Arabia Scottish Premiership Saeed Al-Owairan Arabie Saoudite
39%
88 Belgium Premier League Vincent Kompany Belgique
39%
90 Netherlands Dennis Bergkamp Pays-Bas
38%
89 Spain Emilio Butragueño Espagne
38%
88 France Laurent Blanc Frankreich
38%
86 Italy Gennaro Gattuso Italie
37%
88 France Marcel Desailly Frankreich
37%
89 England Alan Shearer Angleterre
36%
86 Italy Gianluca Zambrotta Italie
36%
86 South Korea Premier League Ji-sung Park Corée du Sud
36%
89 Netherlands Ruud van Nistelrooy Pays-Bas
36%
86 Poland Bundesliga Włodzimierz Smolarek Pologne
36%
88 France Bundesliga Bixente Lizarazu Frankreich
35%
89 Brazil Jairzinho Brésil
35%
88 England Paul Scholes Angleterre
35%
90 Spain Raúl Espagne
35%
87 Bulgaria Premier League Dimitar Berbatov Bulgarie
34%
87 France Emmanuel Petit Frankreich
34%
87 Colombia Serie A Iván Córdoba Colombie
34%
88 France Patrick Vieira Frankreich
34%
85 United States MLS Clint Dempsey États-Unis
33%
89 England Gary Lineker Angleterre
33%
86 Norway Premier League Ole Gunnar Solskjær Norvège
33%
85 Australia Premier League Tim Cahill Australie
33%
87 France Claude Makélélé Frankreich
32%
89 France Ligue 1 Jean-Pierre Papin Frankreich
32%
87 Mexico MLS Jorge Campos Mexique
32%
88 Germany Frauen-Bundesliga Nadine Keßler Allemagne
32%
87 France Robert Pirès Frankreich
32%
88 Italy Serie A Antonio Di Natale Italie
31%
87 Netherlands Clarence Seedorf Pays-Bas
31%
87 France David Trezeguet Frankreich
31%
88 Argentina Serie A Diego Milito Argentine
31%
87 Netherlands Frank Rijkaard Pays-Bas
31%
86 Poland Premier League Jerzy Dudek Pologne
31%
86 United States MLS Landon Donovan États-Unis
31%
88 Netherlands Robin van Persie Pays-Bas
31%
86 Saudi Arabia Saudi Pro League Sami Al-Jaber Arabie Saoudite
31%
89 England Kelly Smith Angleterre
30%
88 Mexico LaLiga Rafael Márquez Mexique
30%
86 England Sol Campbell Angleterre
30%
88 Netherlands Serie A Wesley Sneijder Pays-Bas
30%
87 Australia Premier League Harry Kewell Australie
29%
87 Netherlands Patrick Kluivert Pays-Bas
29%
87 Sweden Serie A Tomas Brolin Suède
29%
90 France Camille Abily Frankreich
28%
87 Italy Serie A Claudio Marchisio Italie
28%
87 Italy Gianfranco Zola Italie
28%
88 Argentina LaLiga Javier Mascherano Argentine
28%
86 Nigeria Premier League Nwankwo Kanu Nigeria
27%
86 Russia LaLiga Aleksandr Mostovoi Russie
26%
88 Argentina Premier League Carlos Tévez Argentine
26%
86 Netherlands Eredivisie Dirk Kuyt Pays-Bas
26%
86 Norway Premier League John Arne Riise Norvège
26%
87 England Ian Wright Angleterre
25%
88 Portugal LaLiga Paulo Futre Portugal
25%
86 Brazil Premier League Ramires Brésil
25%
88 Portugal Liga Portugal Ricardo Carvalho Portugal
25%
86 Czech Republic Premier League Tomáš Rosický République Tchèque
25%
86 Sweden Premier League Fredrik Ljungberg Suède
24%
87 England John Barnes Angleterre
24%
89 France Éric Cantona Frankreich
23%
89 Italy Serie A Gianluca Vialli Italie
23%
86 France Ligue 1 Sidney Govou Frankreich
23%
86 France Division 1 Féminine Sonia Bompastor Frankreich
23%
86 Spain LaLiga Joan Capdevila Espagne
21%
85 England FA Women's Super League Alex Scott Angleterre
20%
85 England Premier League Peter Crouch Angleterre
20%
88 Uruguay LPF AFA Enzo Francescoli Uruguay
18%
85 United States MLS DaMarcus Beasley États-Unis
15%
86 France Ligue 1 Ludovic Giuly Frankreich
15%
86 England Premier League Ledley King Angleterre
14%
87 England Premier League Steve McManaman Angleterre
11%
Keine übereinstimmenden Quizze gefunden
Verteilung der Resultate
Anzahl Personen mit jedem Resultat
Perzentil nach korrekt beantworteten Fragen
Ihre Resultats-Entwicklung
Sie haben dieses Quiz noch nicht gespielt